000 00245nam a2200097Ia 4500
001 987825
005 20250826221126.0
008 250824s9999 xx 000 0 und d
245 0 _aGÜMÜŞ ŞİMŞEK
_cARTHUR CONAN DOYLE
260 _bDOKUZ YAYINLARI
999 _c987825
_d987825